Mejoramiento del lenguaje lector en el primer ciclo básico de escuelas municipalizadas de la comuna de Peñalolen - Seguimiento
Uloženo v:
| Hlavní autor: | |
|---|---|
| Další autoři: | |
| Médium: | Kniha |
| Jazyk: | španělština |
| Vydáno: |
Santiago
C.P.E.I.P
1992
|
| Edice: | Documento de estudio, 6
|
| Témata: | |
| Tagy: |
Přidat tag
Žádné tagy, Buďte první, kdo vytvoří štítek k tomuto záznamu!
|
MARC
| LEADER | 00000nam a2200000 a 4500 | ||
|---|---|---|---|
| 001 | UCW7672 | ||
| 003 | CL-VaPUC | ||
| 008 | 930621e19920000CL |||||||||||||||||spa|d | ||
| 082 | 0 | 4 | |a 372.41 |b PIN |2 21 |
| 100 | 0 | |a Pinto Guevara, Arturo R |e author |9 312883 | |
| 700 | |a Oyarzo González, Enrique |e autor |9 479899 | ||
| 245 | 1 | 0 | |a Mejoramiento del lenguaje lector en el primer ciclo básico de escuelas municipalizadas de la comuna de Peñalolen - Seguimiento |
| 300 | |a 27 h | ||
| 942 | |c BK | ||
| 945 | |d 19930621 00:00:00 | ||
| 260 | |a Santiago |b C.P.E.I.P |c 1992 | ||
| 650 | 7 | |a LENGUAJE DE LOS NIÑOS INVESTIGACIONES |2 CL-VaPUC |9 312885 | |
| 583 | |a last modification |c 19930621 00:00:00 |k Rodrigo Vera | ||
| 490 | 0 | |a Documento de estudio, 6 | |
| 999 | |c 220363 |d 220361 | ||
| 952 | |0 0 |1 0 |4 0 |6 372_410000000000000_PIN_1992 |7 0 |8 P |9 212446 |a BIBEDU |b BIBEDU |c BIBEDU_PB |d 2019-11-15 |i 280686K |o 372.41 PIN 1992 |p 280686K |r 2024-01-25 |w 2019-11-15 |y BK |k EDU | ||